00462cam a2200181ua 4500001000500000005001700005008003900022020001800061040000900079041000800088082001000096245008500106250000900191260002900200300001700229653001500246653001900261771520260515114240.0141222n ii |||gr||||Z||||||eng a9788132113683 cMAIN aeng a338.91 aTwelfth five year plan (2012-2017)bFaster,more inclusive and sustainable growth a1st. aNew Delhi:bSAGE,c2014. axxxiii,336p. aProduction aFive year plan